Tự học nhanh kỹ năng lập trình visual basic.Net

Đã lưu trong:
Bibliografiske detaljer
Hovedforfatter: Nguyễn Tiến Dũng
Format: Bog
Sprog:Undetermined
Udgivet: H. Thống Kê 2002
Fag:
Tags: Tilføj Tag
Ingen Tags, Vær først til at tagge denne postø!
Thư viện lưu trữ: Trung tâm Học liệu Trường Đại học Cần Thơ
LEADER 00540nam a2200181Ia 4500
001 CTU_52238
008 210402s9999 xx 000 0 und d
020 |b 42000 
082 |a 005.133 
082 |b D513 
100 |a Nguyễn Tiến Dũng 
245 0 |a Tự học nhanh kỹ năng lập trình visual basic.Net 
245 0 |c Nguyễn Tiến Dũng 
260 |a H. 
260 |b Thống Kê 
260 |c 2002 
650 |a basic ( computer program language ) 
980 |a Trung tâm Học liệu Trường Đại học Cần Thơ